Kashinath Singh ka samsmaranatmak sahitya/ (Record no. 71852)

000 -LEADER
fixed length control field 00431nam a22001577a 4500
020 ## - INTERNATIONAL STANDARD BOOK NUMBER
International Standard Book Number 8188554065
082 ## - DEWEY DECIMAL CLASSIFICATION NUMBER
Classification number H803
Item number SAN/K
100 ## - MAIN ENTRY--PERSONAL NAME
Personal name Sandeep Lotlikar
9 (RLIN) 47675
245 ## - TITLE STATEMENT
Title Kashinath Singh ka samsmaranatmak sahitya/
Statement of responsibility, etc. by Sandeep Lotlikar
260 ## - PUBLICATION, DISTRIBUTION, ETC.
Place of publication, distribution, etc. Kanpur:
Name of publisher, distributor, etc. Vidya prakashan,
Date of publication, distribution, etc. 2005.
300 ## - PHYSICAL DESCRIPTION
Extent 152p.
650 ## - SUBJECT ADDED ENTRY--TOPICAL TERM
Topical term or geographic name entry element Memoirs Hindi
9 (RLIN) 47676
650 ## - SUBJECT ADDED ENTRY--TOPICAL TERM
Topical term or geographic name entry element Literature Hindi
9 (RLIN) 47677
650 ## - SUBJECT ADDED ENTRY--TOPICAL TERM
Topical term or geographic name entry element Literature
9 (RLIN) 47678
942 ## - ADDED ENTRY ELEMENTS (KOHA)
Koha item type Book
Holdings
Withdrawn status Lost status Damaged status Not for loan Permanent Location Current Location Shelving location Date acquired Cost, normal purchase price Total Checkouts Full call number Barcode Date last seen Date last checked out Price effective from Koha item type
        Sree Sankaracharya University of Sanskrit Sree Sankaracharya University of Sanskrit Stacks 01.06.2018 225.00 1 H803 SAN/K 089690 06.07.2018 02.07.2018 01.06.2018 Book